European Countries That Don't Use the Letters "EU" - Statistics

General Stats
  • This quiz has been taken 43 times
    29 since last reset
  • The average score is 15 of 17
Answer Stats
Country % Correct
Latvia
96%
Norway
96%
Poland
96%
Spain
96%
Italy
92%
Malta
92%
Romania
92%
Albania
88%
Finland
88%
San Marino
88%
Vatican City
88%
Slovakia
85%
Andorra
81%
Croatia
81%
Kosovo
81%
Moldova
81%
Monaco
77%
No matching quizzes found
Score Distribution
Percent of People with Each Score
Percentile by Number Answered
Your Score History
You have not taken this quiz since the last reset